• 首页
  • 本馆介绍
  • 公告通知
  • 最新文献
  • 馆藏检索
  • 电子资源
  • 读者导购
  • 参考咨询
  • 我的图书馆
  • 登录
  • 详细信息显示
  • 放入我的书架
  • 预约/预借图书
  • 作者相关作品
  • 分类相关作品
  • 丛书相关作品
  • 出版社相关作品

书目信息

  • 表格格式
  • 工作单格式
  • 卡片格式
题名:
马克思主义的三个来源和三个组成部分
    
 
作者: 列宁 著 ;中共中央马克思恩格斯列宁斯大林著作编译局 译
分册:  
出版信息: 北京    1973.03
页数: 6页
开本: 20cm
丛书名:
单 册:
中图分类: A224
科图分类:
主题词: 列宁著作-马克思主义三个组成部分 , 马克思主义三个组成部分-列宁著作
电子资源:
ISBN:
000 00902nam0 2200241 45
001 0192023998
005 20070802120222.25
010    @dCNY0.03
091    @a1001.786
100    @a19921217d1973 em y0chiy0121 ea
101 0  @achi
102    @aCN@b110000
105    @ay z }00yy
200 10 @a马克思主义的三个来源和三个组成部分@AMA KE SI ZHU YI DE SAN GE LAI YUANHE SAN GE ZU CHENG BU FEN@f列宁著@FLIE NING ZHU@g中共中央马克思恩格斯 列宁斯大林著作编译局译
210    @a北京@b人民出版社@d1973.03
215    @a6页@d20cm
606    @a列宁著作-马克思主义三个组成部分
606    @a马克思主义三个组成部分-列宁著作
690    @aA224@v三版
701  1 @a列宁@ALIE NING@4著
712 02 @a中共中央马克思恩格斯列宁斯大林著作编译局@AZHONG GONG ZHONG YANG MA KE SI EN GE SI LIE NING SI DA LIN ZHU ZUO BIAN YI JU@4译
801  0 @aCN@bNLC@c20070802
905    @f3@b65139-141@dA224@e10:303@b65133@f1@f1@b65137
    
    马克思主义的三个来源和三个组成部分/列宁著/中共中央马克思恩格斯 列宁斯大林著作编译局译.-北京(人民出版社),1973.03
    6页;20cm
    
    
    ISBN :CNY0.03
    
●
相关链接 在E读中查询图书 在五车中查询图书 在当当中查询图书 在豆瓣中查询图书


正题名:马克思主义的三个来源和三个组成部分     索取号:A224/10:303         预约/预借

序号 登录号 条形码 馆藏地/架位号 状态 备注
1 0065133   001854791   密集书库/ [索取号:A224/10:303] 在馆    
2 0065137   001854559   密集书库/ [索取号:A224/10:303] 在馆    
3 0065139   001854595   密集书库/ [索取号:A224/10:303] 在馆    
4 0065140   001854513   密集书库/ [索取号:A224/10:303] 在馆    
5 0065141   001854470   密集书库/ [索取号:A224/10:303] 在馆    
6 0791061   207910616   密集书库/ [索取号:A224/10:303] 在馆    
唐山师范学院图书馆 欢迎您!
大连网信软件有限公司© 版权所有